00506nam a22001812 4500001001100000005001700011008004100028020001700069040001500086100003300101245005300134250001300187260003100200300001800231650003800249650003400287852000300321000001279320151217145857.0090320s xx 000 0 eng d a0199299706 : aKABUcKABU1 aBen-Naim, Arieh.@000016972910aMolecular theory of solutions /cArieh Ben-Naim. a1st ed. aOxford :bO. U. P.,c2006. axvii, 380 p. 0aSolutions (Chemistry)@0000169730 0aMolecular theory.@00001543031